100 Premier League Appearances: West Ham United - Statistics

General Stats
  • This quiz has been taken 27 times
  • The average score is 5 of 14
Answers on the Grid
Answers color-coded by a green-red scale on the quiz's grid according to % correct below.
Kevin Nolan
Robert Green
Valon Behrami
Robert Snodgrass
Mark Noble
Manuel Lanzini
Joey O'Brien
Trevor Sinclair
Michail Antonio
Ryan Fredericks
Jermain Defoe
Andy Carroll
Dean Ashton
James Tomkins
Frank Lampard
Aaron Cresswell
George McCartney
Anton Ferdinand
Jarred Bowen
Radoslav Kovac
Jussi Jääskeläinen
Matthew Etherington
Cheickhou Kouyate
Marko Arnautovic
Ian Bishop
Mohammed Kudus
Vladimir Coufal
Mohamed Diame
Andriy Yarmolenko
Michael Carrick
 
Answer Stats
Answer % Correct
Mark Noble
72%
Aaron Cresswell
61%
Michail Antonio
61%
Manuel Lanzini
56%
Robert Green
39%
Vladimir Coufal
39%
Andy Carroll
33%
James Tomkins
33%
Jarred Bowen
33%
Trevor Sinclair
33%
Cheickhou Kouyate
17%
Frank Lampard
11%
Ian Bishop
6%
Michael Carrick
0%
No matching quizzes found
Score Distribution
Percent of People with Each Score
Percentile by Number Answered
Your Score History
You have not taken this quiz